Vývojové změny v požadavcích na firemný marketing
Vývoj marketingu v podnikovej sfére. Požiadavky manažérov na strategický marketing v súčasnosti. Úspešnosť firiem a manažérov bude v budúcnosti závisieť od schopnosti vedieť použiť nástroje, ktoré produkuje dnešná informačná spoločnosť.
Uložené v:
| Hlavný autor: | |
|---|---|
| Médium: | Kapitola |
| Jazyk: | Czech |
| Predmet: | |
| Tagy: |
Žiadne tagy, Buďte prvý, kto otaguje tento záznam!
|
MARC
| LEADER | 00000naa$a2200000$$$4500 | ||
|---|---|---|---|
| 001 | 0069610 | ||
| 005 | 20231114075757.3 | ||
| 041 | 0 | |a cze | |
| 044 | |a CZ | ||
| 245 | 1 | 0 | |a Vývojové změny v požadavcích na firemný marketing |c Zdeněk Bednarčík |
| 520 | |a Vývoj marketingu v podnikovej sfére. Požiadavky manažérov na strategický marketing v súčasnosti. Úspešnosť firiem a manažérov bude v budúcnosti závisieť od schopnosti vedieť použiť nástroje, ktoré produkuje dnešná informačná spoločnosť. | ||
| 610 | 2 | 0 | |a podnik |
| 610 | 2 | 0 | |a marketing |
| 610 | 2 | 0 | |a marketing strategický |
| 610 | 2 | 0 | |a spoločnosť informačná |
| 100 | 1 | |a Bednarčík, Zdeněk | |